Statistics for Questions that are Easy, but Strangely Confusing

Click here to take the quiz!

General Stats

  • This quiz has been taken 97 times
  • The average score is 19 of 25

Answer Stats

HintAnswer% Correct
Starbucks sells primarily this common worldwide drinkCoffee
99%
Larger than a car, usually for the publicBus
98%
Counting, solving, and making problems using numbersMath
95%
The thing you are taking right nowQuiz
94%
A place where most residents live inHouse
92%
People go here to release matter inside their bodiesBathroom
87%
People walking, but faster on purposeRun
85%
Where people usually are when they just randomly start existingHospital
84%
Third and final meal of the dayDinner
81%
Go here for relatively 13 years to know stuff and determines your life for the following decades to comeSchool
81%
Things that come out of our mouths to combine and create a message, but we can't visualize itWords
81%
A fruit that students sometimes give to their teachers for particularly no reasonApple
80%
Oh no, a barrier! We must reach our hand out, twist the twistable object, push, and go through it without any troubles!Door
79%
Let's get soap, but it in a container, get something with a hole in it, dip it in the soap, blow, and these round objects come outBubble
76%
Sadness waterTears
76%
What is that circular thing above angels?Halo
75%
Here, you give me my chicken sandwich and I'll give you this replicated piece of paper that has significant value with usually has something important to our nation on it, and that everyone in our country has except for the very poorMoney
73%
Yellow zigzags coming from the skiesLightning
72%
You can write with this, but you cannot make mistakes, but they're used in almost every business, which doesn't make sense because there are things that can be used that can be removedPen
69%
Why is this so overpriced at the theatres?Popcorn
69%
Large black and white thing that makes different noises. The white rectangular blocks are larger than the black rectangular blocksPiano
64%
We trim our bodies, but at the tip of our fingers.Fingernails
49%
A person sort of 50% of you but not actually you, but they're kind of like you. Also a maleSon
49%
People reaching into other people's small bag that was sewn onto their clothing, take something out of that small bag that was sewn onto their clothing, and successfully commit a crimePickpocketing
33%
.Period
32%

Score Distribution

Percentile by Number Answered

Percent of People with Each Score

Your Score History

You have not taken this quiz